Hazbin Hotel - More Than Anything - Statistics

General Stats
  • This quiz has been taken 432 times
  • The average score is 220 of 273
Answer Stats
Hint Answer % Correct
You
97%
you
97%
a
96%
Lucifer: I
96%
anything,
95%
anything
95%
More
95%
more
95%
more?
95%
do!
94%
than
94%
My
92%
my
92%
the
92%
The
92%
to
92%
when
92%
When
92%
don't
91%
know
91%
that!
91%
that
91%
That
91%
who
90%
be
89%
didn't
89%
in
89%
your
89%
all
88%
Lucifer & Charlie: All
88%
Lucifer: Charlie!
88%
me,
88%
me
88%
And
87%
and
87%
dreams
87%
dreams,
87%
for
87%
we
87%
end,
85%
it
85%
listen
85%
was
85%
Charlie: Dad,
84%
Charlie: Dad...
84%
like-
83%
Like
83%
like
83%
They
83%
they
83%
thing
83%
won't
83%
young,
83%
I'm
82%
this
82%
want
82%
were
82%
you're
82%
again
81%
again,
81%
need
81%
too
81%
tried
80%
fighting
79%
Heaven
79%
understand,
79%
before
78%
by
78%
hard
78%
only
78%
so
78%
So
78%
could
77%
Now
77%
now
77%
at
76%
really
76%
defend
75%
lose
75%
never
75%
worth
75%
adore
73%
are
72%
just
72%
of
71%
protect
71%
small
71%
them
71%
Charlie: | Lucifer: I've
70%
always
69%
felt
69%
I'll
69%
people
69%
But
67%
crushed
67%
listens!
67%
save
66%
shelter
66%
stories
65%
heard
64%
it's
64%
been
63%
can
62%
apple
61%
from
61%
had
60%
Lucifer: Looks
60%
far
59%
Imagining
59%
listened
59%
out
59%
about
58%
daughter
58%
find
58%
view
58%
waiting,
58%
doesn't
57%
fall
57%
same
57%
wanting
57%
dyin'
56%
father
56%
Is
56%
lofty
56%
smile
56%
tales
56%
missed
55%
breathlessly
54%
am
53%
not
53%
hopin',
52%
part
52%
eyes
51%
open
51%
showed
51%
while
51%
ask
50%
start
48%
Charlie: Took
48%
apart
47%
'Cause
46%
enthralled
45%
support
45%
grateful
44%
pulled
44%
store
40%
whatever
40%
lies
39%
No matching quizzes found
Score Distribution
Percent of People with Each Score
Percentile by Number Answered
Your Score History
You have not taken this quiz